00372 a2200109 4500001001000000005001700010008004100027245007800068100002300146773007600169999001700245ART_1380820260410161910.0260409a 10aComponentes del crecimiento y redistribución de la población mexicana1 aWinnie, William W.0 tDemografía y economíag- Vol. XV, Nº 47 (jul./sep. 1981)wREV13200 c26776d26776